International business : competing in the global marketplace
Сохранить в:
| Главный автор: | |
|---|---|
| Формат: | Sách |
| Язык: | Undetermined |
| Опубликовано: |
McGraw-Hill Education
2017
|
| Предметы: | |
| Метки: |
Добавить метку
Нет меток, Требуется 1-ая метка записи!
|
| Thư viện lưu trữ: | Trung tâm Thư viện - Trường Đại học Công nghiệp TP. Hồ Chí Minh |
|---|
| LEADER | 00579nam a2200157Ia 4500 | ||
|---|---|---|---|
| 001 | UIH_05548 | ||
| 008 | 231011s9999 xx 000 0 und d | ||
| 082 | |a 658.049 | ||
| 100 | |a Hill, Charles W. L | ||
| 245 | 0 | |a International business : competing in the global marketplace | |
| 245 | 0 | |c Hill, Charles W. L | |
| 260 | |b McGraw-Hill Education | ||
| 260 | |c 2017 | ||
| 650 | |a Doanh nghiệp kinh doanh quốc tế; International business enterprises; | ||
| 927 | |a Sách | ||
| 980 | |a Trung tâm Thư viện - Trường Đại học Công nghiệp TP. Hồ Chí Minh | ||